National Application specific analog products databook (Record no. 60793)
[ view plain ]
| 000 -LEADER | |
|---|---|
| fixed length control field | 00496nam a22001697a 4500 |
| 003 - CONTROL NUMBER IDENTIFIER | |
| control field | NUST-PNEC |
| 005 - DATE AND TIME OF LATEST TRANSACTION | |
| control field | 20170116180707.0 |
| 008 - FIXED-LENGTH DATA ELEMENTS--GENERAL INFORMATION | |
| fixed length control field | 140929b xxu||||| |||| 00| 0 eng d |
| 040 ## - CATALOGING SOURCE | |
| Transcribing agency | PNEC |
| 082 ## - DEWEY DECIMAL CLASSIFICATION NUMBER | |
| Classification number | 621.3822 NAT |
| 100 ## - MAIN ENTRY--PERSONAL NAME | |
| 9 (RLIN) | 404 |
| Personal name | National Semiconductor |
| 245 ## - TITLE STATEMENT | |
| Title | National Application specific analog products databook |
| Statement of responsibility, etc. | National Semiconductor |
| 260 ## - PUBLICATION, DISTRIBUTION, ETC. | |
| Place of publication, distribution, etc. | California |
| Name of publisher, distributor, etc. | National Semiconductor Corporation |
| 300 ## - PHYSICAL DESCRIPTION | |
| Extent | xxviii, (various pagings) |
| 650 ## - SUBJECT ADDED ENTRY--TOPICAL TERM | |
| General subdivision | EL, EE |
| 942 ## - ADDED ENTRY ELEMENTS (KOHA) | |
| Source of classification or shelving scheme | |
| Koha item type | Book |
| Withdrawn status | Lost status | Source of classification or shelving scheme | Damaged status | Not for loan | Permanent Location | Current Location | Shelving location | Date acquired | Source of acquisition | Total Checkouts | Full call number | Barcode | Date last seen | Price effective from | Koha item type |
|---|---|---|---|---|---|---|---|---|---|---|---|---|---|---|---|
| Pakistan Navy Engineering College (PNEC) | Pakistan Navy Engineering College (PNEC) | Reference | 09/29/2014 | Donated | 621.3822 NAT | PNECLIB-030036 | 09/29/2014 | 09/29/2014 | Book | ||||||
| Pakistan Navy Engineering College (PNEC) | Pakistan Navy Engineering College (PNEC) | Reference | 09/29/2014 | Donated | 621.3822 NAT | PNECLIB-030028 | 09/29/2014 | 09/29/2014 | Book |
